00346nam a2200133 a 450000100060000000300090000600800410001504000280005608200130008424500460009726000290014330000080017265000320018014162CO-ViMGA141112s2004 ck r 000 u spa d aCO-ViMGAbspacCO-ViMGA a980 A53710aAmérica latina : bhacia la integracion aCaracas : bArte, c1980 a29114aAmérica LATINA - HISTORIA